Khí động lực học cơ bản

Đã lưu trong:
Chi tiết về thư mục
Tác giả chính: Trần Văn Trản, TS
Định dạng: Sách
Được phát hành: Đại học Quốc gia Hà Nội 2004
Các nhãn: Thêm thẻ
Không có thẻ, Là người đầu tiên thẻ bản ghi này!
Thư viện lưu trữ: Mạng thư viện Đại học Đà Nẵng
LEADER 00579nam a2200229 a 4500
001 000030072
003 19608
005 20171030145630.0
008 171030s2004
020 |c 39500 
040 |a LTT 
082 0 |a 533.62  |b TR-T 
100 1 |a Trần Văn Trản, TS 
245 0 0 |a Khí động lực học cơ bản  |c Trần Văn Trản. 
260 |b Đại học Quốc gia Hà Nội  |c 2004 
OWN |a LTT 
999 |a From the UDN01 
TYP |a Monograph 
TYP |a Printed language 
980 |a Mạng thư viện Đại học Đà Nẵng